| 000 | 00755nam a2200217 a 4500 | ||
|---|---|---|---|
| 001 | 44842 | ||
| 003 | BD-RjUL | ||
| 005 | 20211209053927.0 | ||
| 008 | 160720s1958 bg ||||| |||| 00| p en d | ||
| 035 | _a(BD-RjUL)44960 | ||
| 040 |
_aBD-RjUL _bben _cBD-RjUL |
||
| 041 | _aben | ||
| 082 |
_223 _a891.441 _bMOB 1958 |
||
| 100 | 0 | 0 |
_aমোস্তফা, গোলাম _9124144 |
| 245 | 1 | 0 |
_aবনি-আদম / _cগোলাম মোস্তফা |
| 260 |
_aঢাকা : _bবেগম মাহ্ফুজা খাতুন, _c১৩৬৫ |
||
| 300 |
_a১৫৫ পৃ. ; _c২০ সেমি. |
||
| 650 |
_aবাংলা সাহিত্য _vকাব্য _9137419 |
||
| 650 |
_aBengali literature _vPoetry _9116594 |
||
| 942 |
_2ddc _cBK |
||
| 999 |
_c44842 _d44842 |
||